Ratanlal & Dhirajlal-The Bharatiya Sakshya Adhiniyam, 2023/ (Record no. 208479)
[ view plain ]
| 000 -LEADER | |
|---|---|
| fixed length control field | 00661nam a22002057a 4500 |
| 005 - DATE AND TIME OF LATEST TRANSACTION | |
| control field | 20250114151415.0 |
| 010 ## - LCCN (DPL NO) | |
| LC control number | ENG-143397 |
| 020 ## - INTERNATIONAL STANDARD BOOK NUMBER | |
| Terms of availability | 1495.00 |
| International Standard Book Number | 9789395116831 |
| 035 ## - SYSTEM CONTROL NUMBER | |
| System control number | EN-126929 |
| 037 ## - SOURCE OF ACQUISITION | |
| Source of stock number/acquisition | DBAD |
| 082 ## - DEWEY DECIMAL CLASSIFICATION NUMBER | |
| Classification number | 347.4206 |
| 100 ## - MAIN ENTRY--PERSONAL NAME | |
| Personal name | Ratanlal & Dhirajlal |
| 245 00 - TITLE STATEMENT | |
| Title | Ratanlal & Dhirajlal-The Bharatiya Sakshya Adhiniyam, 2023/ |
| Statement of responsibility, etc | by Ratanlal [and] Dhirajlal |
| 250 ## - EDITION STATEMENT | |
| Edition statement | 28 |
| 260 ## - PUBLICATION, DISTRIBUTION, ETC. (IMPRINT) | |
| Place of publication, distribution, etc | Gurgaon |
| Name of publisher, distributor, etc | Lexis Nexis |
| Date of publication, distribution, etc | 2025 |
| 270 ## - ADDRESS | |
| Address | 14th Floor, Bldg. No.10, Tower-B, DLF Cyber City, Phase-II |
| City | Gurgaon |
| Postal code | 122002 |
| 300 ## - PHYSICAL DESCRIPTION | |
| Extent | ccxlviii,923p. |
| Dimensions | 24cm(Hb) |
| 700 ## - ADDED ENTRY--PERSONAL NAME | |
| Personal name | Dhirajlal |
| 9 (RLIN) | 76552 |
| 942 ## - ADDED ENTRY ELEMENTS (KOHA) | |
| Source of classification or shelving scheme | Dewey Decimal Classification |
| Item type | English Books |
| Classification part | 347.4206 |
| Call number suffix | PRA |
| Withdrawn status | Lost status | Not for loan | Collection code | Home library | Current library | Date acquired | Source of acquisition | Cost, normal purchase price | Full call number | Barcode | Copy number | Cost, replacement price | Koha item type |
|---|---|---|---|---|---|---|---|---|---|---|---|---|---|
| Not For Loan | Reference | Central Library | Central Library | 14/01/2025 | Delivery of Books Act Division | 1495.00 | 347.4206 PRA | EN-126929 | 1 | 1495.00 | English Books |
